| 000 | 01922cam a22004814i 4500 | ||
|---|---|---|---|
| 003 | PE-LiUPU | ||
| 005 | 20250731173444.0 | ||
| 008 | 150616s r 000 0 d | ||
| 020 | _a8433008056 | ||
| 035 | _a(Sirsi) i9788433008053 | ||
| 040 |
_aPE-LiUPU _bspa _cPE-LiUPU _erda |
||
| 049 | _aPRUA | ||
| 082 | 0 | 4 |
_a294.35 _bJ54 _221 |
| 100 | 1 |
_aJiménez Hernández, Emiliano, _eautor. |
|
| 245 | 1 | 0 |
_aMoral eclesial: teología moral nueva en una iglesia renovada / _cEmiliano Jiménez Hernández. |
| 264 | 1 |
_aBilbao : _bDesclée de Brouwer, _c1989. |
|
| 300 |
_a245 páginas ; _c19 centímetros |
||
| 336 |
_atext _2rdacontent |
||
| 337 |
_aunmediated _2rdamedia |
||
| 338 |
_avolume _2rdacarrier |
||
| 490 | 0 |
_aBiblioteca Catecumenal ; _v22 |
|
| 504 | _aIncluye bibliografía. | ||
| 505 | 0 | _aNueva imagen de la iglesia: -la iglesia como ministerio -- Dimensión cristocéntrica de la iglesia -- Dimensión pneumatológica de la iglesia -- Dimensión sacramental de la iglesia -- Dimensión escatológica de la iglesia -- Teología moral nueva: -Renovación de la teología moral -- Moral personalista -- Moral de la gracia -- Moral comunitaria -- Moral dinámica. | |
| 526 | _aSEG42 | ||
| 526 | _aSEG41 | ||
| 526 | _aSEG40 | ||
| 526 | _aSEG39 | ||
| 526 | _aP94 | ||
| 526 | _aP87 | ||
| 526 | _aP86 | ||
| 526 | _aP85 | ||
| 526 | _aP77 | ||
| 526 | _aP76 | ||
| 526 | _aP35 | ||
| 650 | 0 | 4 |
_aMoral cristiana. _93843 |
| 910 |
_ajck _bjvq _cjck |
||
| 942 |
_2ddc _cBOOK |
||
| 949 |
_a294.35 J54 _wDEWEY _c1 _i31620 _lCCODEBUL1 _mBUL _r0 _sY _tBOOK _u2015-6-16 _xTEOLOGIA _zUNKNOWN _0COMPRA _o.STAFF. Colección General |
||
| 994 |
_aC0 _bPEPRU |
||
| 596 | _a1 | ||
| 999 |
_a294.35 J54 _wDEWEY _c56888 _i31620 _f2021-11-12 _g5 _lCCODEBUL1 _mBUL _r0 _sY _tBOOK _u2015-6-16 _xTEOLOGIA _zUNKNOWN _0COMPRA _o.STAFF. Colección General _d56888 |
||
| 980 |
_81 _gALBERTO SANCHEZ Responsable de Automatización |
||